| 000 | 00573nam a22002537a 4500 | ||
|---|---|---|---|
| 003 | UA-OsUOA | ||
| 001 | 28621 | ||
| 007 | ta | ||
| 008 | 20050413b un ||||| |||| 00| 0 ukr d | ||
| 100 | _aАнуфриев Л. А. | ||
| 090 |
_a06(477) _bА73 |
||
| 942 | _cBK | ||
| 040 |
_aUA-OsUOA _bukr _cUA-OsUOA _dUA-OsUOA |
||
| 245 | _aОдесский университет | ||
| 300 | _a160 с. | ||
| 955 | _a0 | ||
| 041 | _aukr | ||
| 080 | _a06(477) | ||
| 020 | _a5-11-001599-6 | ||
| 260 |
_aОдесса _c1991 |
||
| 044 | _aUA | ||
| 650 | 7 | _2UDC | |
| 999 |
_c314990 _d314990 |
||